000 00523nam a22001937a 4500
005 20150330100257.0
008 150330b xxu||||| |||| 00| 0 eng d
020 _a9780071490696
041 0 _aeng
080 _a004
100 _aHart-Davis, Guy
245 _aHow to do everything with Microsoft Office Word 2007 /
_cGuy Hart-Davis
260 _aNew York :
_bMcGraw-Hill
_c2007
300 _a486 f. :
_bme il.;
_c24 cm
505 _aIndex: f. 475 - 486
650 _aKompjuterat
650 _aProgramet
942 _2udc
_cBK
999 _c622
_d622